| 000 | 04179nam a22003977a 4500 | ||
|---|---|---|---|
| 999 |
_c63207 _d63207 |
||
| 003 | Ge_BSU | ||
| 005 | 20250627125636.0 | ||
| 008 | 250627s2022 ge ||||| |||| 00| 0 geo d | ||
| 020 | _a9789941495809 | ||
| 041 | _ageo | ||
| 080 | _a94(560-21) ა-80 | ||
| 245 |
_aართვინი და ართვინის რეგიონი - წარსული და თანამედროვეობა : _bისტორიულ-ფილოლოგიური ნარკვევები / _c აკაკი წერეთლის სახელმწიფო უნივერსიტეტი, ჰუმანიტარულ მეცნიერებათა ფაკულტეტი, ისტორია-არქეოლოგიის დეპარტამენტი, ქართული ფილოლოგიის დეპარტამენტი, ქართველოლოგიის სამეცნიერო-კვლევითი ცენტრი; რედაქტორები: როინ ყავრელიშვილი, ეკა დადიანი; წინასიტყვაობა ავთანდილ ნიკოლეიშვილი. |
||
| 264 |
_aქუთაისი : _bაკაკი წერეთლის სახელმწ. უნივერსიტეტის გამომცემლობა, _c 2022. |
||
| 300 |
_a422 გვ. ; _b25 სმ. |
||
| 500 | _aთავფურცლის მე-3 გვერდი ინგლისურ და თურქულ ენებზე. რეზიუმე ინგლისურ ენაზე. | ||
| 501 | _aწიგნი დაიბეჭდა ქალაქ ქუთაისის მუნიციპალიტეტის მერიის ფინანსური მხარდაჭერით. | ||
| 504 | _aბიბლიოგრაფია ტექსტის შენიშვნებში. | ||
| 653 | _aსაქართველოს ქალაქების ისტორია | ||
| 653 | _aთურქეთის ქალაქების ისტორია | ||
| 653 | _aქალაქი ართვინი | ||
| 653 | _aსაქართველო-თურქეთის ურთიერთობების ისტორია | ||
| 653 | _aსაქართველო-რუსეთის ურთიერთობების ისტორია | ||
| 700 |
_aნიკოლეიშვილი, ავთანდილ _eავტორი, წინასიტყვაობის ავტორი _9296 |
||
| 700 |
_aკუპრაშვილი, სულხან _eავტორი _925548 |
||
| 700 |
_aჭუმბურიძე, სოფიკო _eავტორი _925549 |
||
| 700 |
_aბასილაძე, იმერი _eავტორი _94917 |
||
| 700 |
_aგვეტაძე, ომარ _eავტორი _925550 |
||
| 700 |
_aგულუა, ნატალია _eავტორი. _925551 |
||
| 700 |
_aგუმბერიძე, თენგიზ _eავტორი _925552 |
||
| 700 |
_aდადიანი, ეკა _eავტორი, რედაქტორი _99743 |
||
| 700 |
_aდვალიშვილი, ლუკა _918650 |
||
| 700 |
_aგაჩეჩილაძე, ეკატერინე _eავტორი _925553 |
||
| 700 |
_aვაჭრიძე, გოდერძი და სხვ. _eავტორი _925554 |
||
| 710 |
_aაკაკი წერეთლის სახელმწიფო უნივერსიტეტი. _bჰუმანიტარულ მეცნიერებათა ფაკულტეტი. ისტორია-არქეოლოგიის დეპარტამენტი. ქართული ფილოლოგიის დეპარტამენტი. ქართველოლოგიის სამეცნიერო-კვლევითი ცენტრი. _925555 |
||
| 942 |
_2udc _cᲬᲘᲒᲜᲘ |
||